Estadísticas para Copa Mundial de la FIFA 2018 - Equipos de la Final 16

Haz click aquí para intentar la prueba.

Estadísticas generales

  • Esta prueba ha sido intentada 182 veces
    (167 desde el último reinicio)
  • La puntuación promedio es 14 de 16

Estadísticas de respuestas

país% Correcto
Argentina
99%
Francia
99%
España
95%
Rusia
94%
Brasil
93%
Croacia
92%
Bélgica
91%
Inglaterra
90%
México
88%
Portugal
86%
Uruguay
86%
Japón
80%
Suecia
80%
Colombia
79%
Suiza
77%
Dinamarca
72%

Distribución de puntuación

Porcentaje por número respondido

Porcentaje de gente con cada puntuación

Historial de tus puntuaciones

No has intentado esta prueba desde el último reinicio